000 00280nam a2200121Ia 4500
008 190216s9999||||xx |||||||||||||| ||und||
100 _aAamir Ali
245 0 _aVia Geneva
260 _bShri H G Mirchandani For Pearl Pub
_c1967
300 _a256p
650 _aNovel
942 _cBK
999 _c11876
_d11876